La divina comedia / (Record no. 22453)

MARC details
000 -LEADER
campo de control de longitud fija 00773nam a2200217 i 4500
001 - NÚMERO DE CONTROL
campo de control 22453
003 - IDENTIFICADOR DE NÚMERO DE CONTROL
campo de control ES-MaACL
005 - FECHA Y HORA DE LA ÚLTIMA TRANSACCIÓN
campo de control 20250716052848.0
007 - CAMPO FIJO DE DESCRIPCIÓN FÍSICA--INFORMACIÓN GENERAL
campo de control de longitud fija t|
008 - DATOS DE LONGITUD FIJA--INFORMACIÓN GENERAL
campo de control de longitud fija 021203s1967 mx ||||1| spa d
100 0# - ENTRADA PRINCIPAL--NOMBRE DE PERSONA
Nombre de persona Dante Alighieri,
Fechas asociadas al nombre 1265-1321
9 (RLIN) 42657
245 13 - MENCIÓN DEL TÍTULO
Título La divina comedia /
Mención de responsabilidad, etc. por Dante Alighieri ; traducción... por Cayetano Rosell ; anotada y con un prólogo... Juan Eugenio Hartzenbusch ; ilustrada por Gustavo Doré.
250 ## - MENCION DE EDICION
Mención de edición Ed. bilingüe.
260 ## - PUBLICACIÓN, DISTRIBUCIÓN, ETC.
Lugar de publicación, distribución, etc. México :
Nombre del editor, distribuidor, etc. Editora Nacional,
Fecha de publicación, distribución, etc. [1967]
300 ## - DESCRIPCIÓN FÍSICA
Extensión 2 v. ;
Dimensiones 24 cm.
700 1# - ENTRADA AGREGADA--NOMBRE PERSONAL
Nombre de persona Rosell, Cayetano,
Fechas asociadas al nombre 1817-1883
9 (RLIN) 99681
700 1# - ENTRADA AGREGADA--NOMBRE PERSONAL
Nombre de persona Hartzenbusch, Juan Eugenio,
Fechas asociadas al nombre 1806-1880
9 (RLIN) 62011
700 1# - ENTRADA AGREGADA--NOMBRE PERSONAL
Nombre de persona Doré, Gustave.
9 (RLIN) 45388
852 ## - LOCALIZACIÓN
Ubicación ES-MaACL
Número de control de estantería E-9728-29
Holdings
Estatus retirado Estado de pérdida Estado de daño No para préstamo Biblioteca de origen Biblioteca actual Ubicación en estantería Fecha de adquisición Fuente de adquisición Total de préstamos Signatura topográfica completa Código de barras Visto por última vez Precio de reemplazo Tipo de ítem Koha
        Biblioteca del Ateneo de Madrid Biblioteca del Ateneo de Madrid Depósito 2 17/01/2008     E-9728-29 1023113 23/02/2023 23/02/2023 Libro impreso